Stacje i przystanki kolejowe w Krakowie - nagła śmierć - Statystyki

Ogólne statystyki
  • Ten quiz został rozwiązany 214 razy
  • Średni wynik to 5 z 11
Answers on the Grid
Answers color-coded by a green-red scale on the quiz's grid according to % correct below.
Kraków Główny
Kraków Centrum
Kraków Piastów
Kraków Business Park
Kraków Grzegórzki
Kraków Południowy
Kraków Nowa Huta Północ
Kraków Bieżanów Drożdżownia
Kraków Łagiewniki-Sanktuarium
Kraków Batowice
Kraków Złocień
Kraków Kościelniki
Kraków Prądnik Biały
Kraków Swoszowice
Kraków Łobzów
Kraków Podgórze Duchackie
Kraków Zachodni
Kraków Zabłocie
Kraków Olsza
Kraków Olszanica
 
Statystyki odpowiedzi
Odpowiedź % Poprawnych
Kraków Główny
75%
Kraków Grzegórzki
65%
Kraków Zabłocie
57%
Kraków Łobzów
56%
Kraków Batowice
46%
Kraków Swoszowice
45%
Kraków Złocień
44%
Kraków Bieżanów Drożdżownia
40%
Kraków Piastów
34%
Kraków Olszanica
31%
Kraków Kościelniki
20%
Nie znaleziono quizów pasujących do podanych kryteriów
Rozkład punktacji
Procent ludzi z każdym wynikiem
Percentyl według liczby udzielonych odpowiedzi
Twoja historia wyników
Nie rozwiązałeś tego quizu